000 01022cam a2200253 4500
001 WB4015-17
008 040419n2004 000 0 eng u
035 _a(Sirsi) u125877
245 _aPressure for gated estates
260 _c2004
490 _aInside Housing
_v 16 April 2004, 2(1)
520 _aA new European standard on designing out crime mean tenants could face spiralling insurance premiums unless housing associations introduce gated housing estates, warns the National Housing Federation. The adoption of the standard "Prevention of crime - urban planning and design" is voluntary in the UK but insurers have indicated it could be used as benchmark for setting insurance premiums.
590 _aWB
590 _aWB
650 _aHOUSING ASSOCIATIONS
650 _aCRIME PREVENTION
650 _aGATED COMMUNITIES
650 _aURBAN PLANNING
650 _aINSURANCE PREMIUMS
650 _aEUROPEAN STANDARDS
650 _aDESIGN GUIDANCE
690 _aHOUSING-SOCIAL HOUSING
942 _n0
999 _c117212
_d117212